000 00297nam a22001337a 4500
008 181217b xxu||||| |||| 00| 0 eng d
020 _a006181406
041 _aeng
080 _a038
100 _a23
101 _aFJA
245 _aDictionary of Contemporary Usage
_cMorris, W
942 _2udc
_cBK
999 _c53292
_d53292